000 00857cam a2200241 a 4500
001 000012957
003 DO-SdBNP
005 20251120122557.0
008 991009s1998 mx b 100 0 spa d
020 _a9688641189
040 _aDO-SdBNP
_bspa
_cBNPHU
043 _an-mx-
082 4 _a345
_bC748m
_222
111 2 _aCongreso de Estudiantes de Derecho Penal
_n(1er :
_d1998 :
_cUniversidad de Guanajuato)
_929860
245 1 0 _aMemoria del 1 Congreso de Estudiantes de Derecho Penal.
260 _aGuanajuato :
_bUniversidad de Guanajuato, Facultad de Derecho,
_c1998.
300 _a213 p. ;
_c23 cm.
504 _aIncluye referencias bibliográficas
650 4 _aDerecho penal
_zMéxico
_vCongresos, conferencias, etc.
_917405
650 0 _aDerecho penal
_vCongresos, conferencias, etc.
_917405
910 _aCatalogación derivada
942 _2ddc
_cLBS1
999 _c12605
_d12605